000 00577nam a2200169Ii 4500
003 JO-AjNU
008 230605s9999||||xx |||||||||||||| ||und||
040 _aJO-AjNU
_bara
_erda
_cJO-AjNU
041 _aara
100 3 _aجامعة آل البيت,
_eauthor
_956615
245 0 0 _aتقرير جامعة آل البيت
264 3 1 _aالمفرق: جامعة آل البيت، د،ت
336 _atext
_btxt
_2rdacontent
337 _aunmediated
_bn
_2rdamedia
338 _avolume
_bnc
_2rdacarrier
650 4 _aجامعة آل البيت -- التقرير السنوي
_956616
999 _aA25321
_c28889
_d28889